| 000 | 00425cam a2200169ua 4500 | ||
|---|---|---|---|
| 020 |
_a81-7556-0033-9 _c400.00 |
||
| 041 |
_aeng _h |
||
| 082 |
_a628.168 _bKUD/IN |
||
| 100 | _aKudesia, V.P . | ||
| 245 |
_aIndustrial Pollution / _cV.P. Kudesia. _hTextual Documents |
||
| 260 |
_aMeerut : _bPragati Prakashan , _c1996. |
||
| 300 | _a432 ; . | ||
| 365 | _a400.00 | ||
| 504 | _a | ||
| 942 | _cBK | ||
| 999 |
_c2749 _d2749 |
||